Queen Songs - Statistiken

Allgemein
  • Dieses Quiz wurde 410 mal gespielt
  • Das Durchschnittsergebnis liegt bei 22 aus 189
Antwortstatistiken
Hinweis Antwort % Korrekt
B Bohemian rhapsody
82%
W We are the champions
76%
W We will rock you
76%
R Radio Gaga
65%
A Another one bites the dust
62%
K Killer queen
62%
D Don`t stop me now
58%
I I want to break free
53%
U Under pressure
53%
B Bicycle race
47%
T The show must go on
46%
W Who wants to live forever
41%
S Somebody to love
40%
L Love of my life
36%
I I want it all
35%
A A kind of magic
34%
C Crazy little thing called love
33%
F Fat bottomed girls
32%
F Flash (Aka Flash`s theme)
31%
F Flash`s theme reprise (Victory celebrations)
31%
F Flash to the rescue
31%
H Hammer to fall
30%
I I`m in love with my car
29%
I Innuendo
28%
F Friends will be friends
24%
S Seven seas of rhye
20%
S Seven seas of rhye (Instrumental)
20%
B Breakthru
19%
G Good old-fashioned lover boy
18%
K Keep yourself alive
18%
P Play the game
17%
S Save me
16%
T The miracle
15%
Y You are my best friend
15%
H Headlong
14%
I I`m going slightly mad
14%
S Spread your wings
14%
T Tie your mother down
14%
H Heaven for everyone
13%
I It`s a hard life
13%
O One vision
13%
T Thank God it`s christmas
13%
T These are the days of our lives
13%
D Death on two legs
12%
M Made in heaven
12%
G God save the queen
11%
I I was born to love you
11%
M Mustapha
11%
N Now I`m here
11%
P Princes of the universe
11%
S Sheer heart attack
11%
T The invisible man
11%
T The march of the black queen
11%
W White queen (As it began)
11%
L Liar
10%
S Stone cold crazy
10%
T Too much love will kill
10%
A A winter`s tale
9%
B Brighton rock
9%
C Cool cat
9%
D Delilah
9%
D Don`t try suicide
9%
D Dragon attack
9%
I Is this the world we created...?
9%
L Let me entertain you
9%
B Back chat
8%
B Body language
8%
G Great king rat
8%
J Jealousy
8%
M Mother love
8%
Y You don`t fool me
8%
A All dead, all dead
7%
B Bijou
7%
D Doing all right
7%
D Dreamer`s ball
7%
L Lazing on a sunday afternoon
7%
L Let me live
7%
L Lily of the valley
7%
M More of that jazz
7%
M My fairy king
7%
N Nevermore
7%
N No-one but you (Only the good die young)
7%
O Ogre battle
7%
S Scandal
7%
S Son and daughter
7%
T Tear it up
7%
T The prophet`s song
7%
W Was it all worth it
7%
Y You and I
7%
A Action this day
6%
C Calling all girls
6%
D Dancer
6%
D Don`t lose your head
6%
D Don`t try so hard
6%
D Drowse
6%
F Father to son
6%
F Flick of the wrist
6%
F Fun it
6%
G Get down, make love
6%
G Gimme the prize
6%
G Good company
6%
I It`s late
6%
J Jesus
6%
L Las Palabras de amor (The words of love)
6%
M Machines (or: Back to humans)
6%
M Man on the prowl
6%
M Misfire
6%
M My melancholy blues
6%
P Party
6%
P Procession
6%
S Sleeping on the sidewalk
6%
S Sweet lady
6%
T The hitman
6%
T The millionaire waltz
6%
W White man
6%
A All god`s people
5%
B Bring back that Leroy brown
5%
D Dead on time
5%
D Dear friends
5%
F Fight from the inside
5%
F Funny how love is
5%
I I can`t live with you
5%
K Keep passing the open windows
5%
L Leaving home ain`t easy
5%
L Long away
5%
M My baby does me
5%
R Rock it (Prime jive)
5%
S Sail away sweet sister
5%
S She makes me (Stormtrooper in Stilettoes)
5%
T Teo Torriate (Let us cling together)
5%
W Who needs you
5%
Y You take my breath away
5%
C Coming soon
4%
F Forever
4%
I If you can`t beat them
4%
I It`s a beautiful day
4%
K Khashoggi`s ship
4%
L Life is real
4%
L Love kills (the ballad)
4%
M Modern times Rock`n`roll
4%
O One year of love
4%
P Pain is so close to pleasure
4%
P Put out the fire
4%
R Rain must fall
4%
S Some day one day
4%
S Staying power
4%
T Tenement funster
4%
T The fairy feller`s master-stroke
4%
T The hero
4%
T The night comes down
4%
C Chinese torture
3%
H Hang on in there
3%
H Hijack my heart
3%
I In the lap of gods
3%
I In the lap of gods... revisited
3%
L Loser in the end
3%
M Mad the swine
3%
M My life has been saved
3%
R Ride the wild wind
3%
B Battle theme
2%
F Football fight
2%
I I go crazy
2%
I In the death cell (Love theme reprise)
2%
S Soul brother
2%
S Stealin
2%
T The kiss (Aura resurrects Flash)
2%
V Vultan`s theme (Attack of the hawk men)
2%
A A dozen red roses for my darling
1%
A A human body
1%
A Arboria (Planet of the tree men)
1%
B Blurred vision
1%
C Crash dive on Mingo City
1%
D Dog with a bone
1%
E Escape from the swamp
1%
E Execution of flash
1%
I In only seve days
1%
I In the space capsule (The love theme)
1%
L Let me in your heart
1%
L Lost opportunity
1%
M Marriage of Dale and Ming (And Flash approaching)
1%
M Mings theme (In the court of Ming the merciless)
1%
N New York, New York
1%
S Seaside Rzendevous
1%
S See what a fool I`ve been
1%
T There must be more to life than this
1%
T The ring (Hypnotic seduction of dale)
1%
T The wedding march
1%
U Untitled hidden track
1%
N Need your lovong tonight
0%
Keine übereinstimmenden Quizze gefunden
Verteilung der Resultate
Anzahl Personen mit jedem Resultat
Perzentil nach korrekt beantworteten Fragen
Ihre Resultats-Entwicklung
Sie haben dieses Quiz noch nicht gespielt